<?xml version="1.0" encoding="UTF-8"?>
<record
    xmlns:xsi="http://www.w3.org/2001/XMLSchema-instance"
    xsi:schemaLocation="http://www.loc.gov/MARC21/slim http://www.loc.gov/standards/marcxml/schema/MARC21slim.xsd"
    xmlns="http://www.loc.gov/MARC21/slim">

  <leader>00672nam a2200229   4500</leader>
  <controlfield tag="001">6131</controlfield>
  <datafield tag="010" ind1=" " ind2=" ">
    <subfield code="a">978-2-344-06195-4</subfield>
  </datafield>
  <datafield tag="090" ind1=" " ind2=" ">
    <subfield code="a">6131</subfield>
  </datafield>
  <datafield tag="100" ind1=" " ind2=" ">
    <subfield code="a">20260701d        u||y0frey50      ba</subfield>
  </datafield>
  <datafield tag="101" ind1=" " ind2=" ">
    <subfield code="a">fre</subfield>
  </datafield>
  <datafield tag="200" ind1=" " ind2=" ">
    <subfield code="a">Saisonniers </subfield>
    <subfield code="f">Olivier Cogne</subfield>
    <subfield code="f">Jean Guibal</subfield>
    <subfield code="g">Sophie Boizard</subfield>
    <subfield code="h">105</subfield>
    <subfield code="i">L'Alpe </subfield>
  </datafield>
  <datafield tag="210" ind1=" " ind2=" ">
    <subfield code="a">Grenoble</subfield>
    <subfield code="c">Editions Gl&#xE9;nat</subfield>
    <subfield code="d">2024</subfield>
    <subfield code="e">Lu&#xE7;on, France</subfield>
    <subfield code="g">Pollina</subfield>
  </datafield>
  <datafield tag="215" ind1=" " ind2=" ">
    <subfield code="a">90 p.</subfield>
    <subfield code="c">ill.</subfield>
    <subfield code="d">30 cm. </subfield>
  </datafield>
  <datafield tag="606" ind1=" " ind2=" ">
    <subfield code="9">1063</subfield>
    <subfield code="a">Migration</subfield>
  </datafield>
  <datafield tag="606" ind1=" " ind2=" ">
    <subfield code="9">816</subfield>
    <subfield code="a">Travail</subfield>
  </datafield>
  <datafield tag="606" ind1=" " ind2=" ">
    <subfield code="9">1605</subfield>
    <subfield code="a">Droits des immigr&#xE9;s</subfield>
  </datafield>
  <datafield tag="607" ind1=" " ind2=" ">
    <subfield code="9">521</subfield>
    <subfield code="a">France</subfield>
  </datafield>
  <datafield tag="607" ind1=" " ind2=" ">
    <subfield code="9">414</subfield>
    <subfield code="a">Suisse</subfield>
  </datafield>
  <datafield tag="701" ind1=" " ind2=" ">
    <subfield code="9">7064</subfield>
    <subfield code="a">Cogne</subfield>
    <subfield code="b">Olivier</subfield>
  </datafield>
  <datafield tag="701" ind1=" " ind2=" ">
    <subfield code="9">7065</subfield>
    <subfield code="a">Guibal</subfield>
    <subfield code="b">Jean</subfield>
  </datafield>
  <datafield tag="702" ind1=" " ind2=" ">
    <subfield code="9">7066</subfield>
    <subfield code="a">Boizard</subfield>
    <subfield code="b">Sophie</subfield>
  </datafield>
  <datafield tag="801" ind1=" " ind2=" ">
    <subfield code="a">CH</subfield>
    <subfield code="b">CH-001784-0 </subfield>
  </datafield>
  <datafield tag="995" ind1=" " ind2=" ">
    <subfield code="1">0</subfield>
    <subfield code="2">0</subfield>
    <subfield code="3">0</subfield>
    <subfield code="5">2026-07-03</subfield>
    <subfield code="9">7128</subfield>
    <subfield code="b">002</subfield>
    <subfield code="c">002</subfield>
    <subfield code="e">CT Livres</subfield>
    <subfield code="f">CT0116</subfield>
    <subfield code="k">L1042</subfield>
    <subfield code="o">1</subfield>
  </datafield>
</record>
